[Event "Kieler Open 2018-A"]
[Site "Kiel"]
[Date "2018.08.01"]
[Round "7.26"]
[White "Ghadimi, Mohammed Reza"]
[Black "Basey, Matthew"]
[Result "1-0"]
[WhiteElo "2108"]
[BlackElo "1889"]
[Annotator "PH"]
[PlyCount "53"]
[EventDate "2018.??.??"]

1. e4 d6 2. d4 Nf6 3. Nc3 g6 4. f4 Bg7 5. Nf3 O-O 6. Be3 Ng4 7. Bg1 c5 8. h3
cxd4 9. Bxd4 e5 10. Bg1 Nf6 11. fxe5 dxe5 12. Bc5 Nbd7 13. Bxf8 Qxf8 14. Nd2
Qb4 15. Rb1 Nc5 16. a3 Qd4 17. Qf3 Nh5 18. Rd1 Qd8 19. Qf2 Ne6 20. Bc4 Qg5 21.
Nf3 Qf4 22. O-O Bh6 23. Rfe1 Bf8 24. Nd5 Qh6 25. Qh4 g5 26. Qxh5 Bc5+ 27. Kh1
1-0

[Event "Kieler Open 2018-A"]
[Site "Kiel"]
[Date "2018.08.01"]
[Round "7.28"]
[White "Dengla, Aarav"]
[Black "Boyens, Birger"]
[Result "1/2-1/2"]
[WhiteElo "1805"]
[BlackElo "1935"]
[Annotator "PH"]
[PlyCount "59"]
[EventDate "2018.??.??"]

1. e4 c5 2. c3 d6 3. d4 Nf6 4. Bd3 e5 5. d5 Be7 6. c4 O-O 7. Ne2 a6 8. Nbc3 Qc7
9. O-O Nbd7 10. Ng3 Re8 11. f4 b5 12. b3 bxc4 13. bxc4 Rb8 14. f5 Qa5 15. Bd2
Qa3 16. Rb1 Bd8 17. Rxb8 Nxb8 18. Qb3 Qxb3 19. axb3 Re7 20. Ra1 Rb7 21. Bc2 Bd7
{=} 22. Na2 a5 23. Nc1 Ra7 24. Nd3 Be8 25. Bd1 Nbd7 26. Be3 Bb6 27. Nb2 Nb8 28.
Na4 Bxa4 29. Rxa4 Na6 30. Bg5 1/2-1/2

[Event "Kieler Open 2018-A"]
[Site "Kiel"]
[Date "2018.08.01"]
[Round "7.29"]
[White "Quiring, Nikolai"]
[Black "Farokhi, Keyvan"]
[Result "0-1"]
[WhiteElo "2006"]
[BlackElo "1848"]
[Annotator "PH"]
[PlyCount "140"]
[EventDate "2018.??.??"]

1. d4 d5 2. c4 e6 3. Nc3 Nf6 4. cxd5 exd5 5. Bg5 Be7 6. Qc2 c6 7. Nf3 h6 8. Bh4
Nbd7 9. e3 Nh5 10. Bxe7 Qxe7 11. O-O-O Nb6 12. Ne5 Be6 13. f4 O-O-O 14. f5 Bd7
15. a4 Kb8 16. a5 Nc8 17. Qb3 Nd6 18. g4 Nf6 19. Bd3 h5 20. g5 Ng4 21. f6 gxf6
22. gxf6 Qxf6 23. Rdf1 Qe7 24. Nxg4 Bxg4 25. Kd2 Rhe8 26. Re1 Bf5 27. Bxf5 Nxf5
28. Nd1 Nd6 29. Kc1 Qc7 30. Qb4 Re4 31. Nf2 Re6 32. Nd3 Ne4 33. Kb1 Qd6 34. Nc5
Nxc5 35. dxc5 Qe7 36. a6 b6 37. Qf4+ Ka8 38. Rhf1 f6 39. Rf3 Re8 40. Ref1 bxc5
41. Qh6 Rxe3 42. Rxe3 Qxe3 43. Qxe3 Rxe3 44. Rxf6 Kb8 45. Rxc6 c4 46. Rh6 Rh3
47. Rh7 Rxh2 48. Rb7+ Kc8 49. Rxa7 Kb8 50. Rd7 Rd2 51. Kc1 Rd4 52. Rh7 Rh4 53.
Kc2 d4 54. Rb7+ Ka8 55. Rb4 d3+ 56. Kd1 Rg4 57. Rb5 h4 58. Rh5 Ka7 59. Rh6 Rg1+
60. Kd2 Rg2+ 61. Kc1 Rh2 62. Rc6 Rc2+ 63. Kb1 h3 64. Rh6 h2 65. Rh7+ Kxa6 66.
Rh6+ Kb5 67. Rh5+ Kb4 68. Rh8 Rg2 69. Rb8+ Ka5 70. Ka2 h1=Q 0-1

[Event "Kieler Open 2018-A"]
[Site "Kiel"]
[Date "2018.08.01"]
[Round "7.30"]
[White "Strätker, Sebastian"]
[Black "Nahnsen, Kenneth"]
[Result "1/2-1/2"]
[WhiteElo "1887"]
[BlackElo "2004"]
[Annotator "PH"]
[PlyCount "27"]
[EventDate "2018.??.??"]

1. Nf3 c5 2. g3 Nf6 3. Bg2 Nc6 4. O-O g6 5. c4 Bg7 6. Nc3 O-O 7. d3 d6 8. a3
Ne8 9. Bd2 Nc7 10. Rb1 a5 11. Ne1 Bd7 12. Nc2 Rb8 13. Qe1 b6 14. b4 1/2-1/2

[Event "Kieler Open 2018-A"]
[Site "Kiel"]
[Date "2018.08.01"]
[Round "7.32"]
[White "Brinckmann, Dieter"]
[Black "Gütschow, Martin"]
[Result "1/2-1/2"]
[WhiteElo "1870"]
[BlackElo "1968"]
[Annotator "DG"]
[PlyCount "40"]
[EventDate "2018.??.??"]
[WhiteTeam "Mainz"]
[BlackTeam "Segeberg"]

1. d4 Nf6 2. c4 e6 3. Nf3 d5 4. e3 Bb4+ 5. Nbd2 O-O 6. Bd3 c5 7. a3 Bxd2+ 8.
Bxd2 b6 9. O-O Ba6 10. Rc1 Nbd7 11. b3 Qe7 12. Qc2 Rfc8 13. Rfe1 Bb7 14. dxc5
bxc5 15. cxd5 exd5 16. Bc3 Ne4 17. Bxe4 dxe4 18. Nd2 f5 19. Nc4 Ba6 20. Bb2 Rd8
1/2-1/2

[Event "Kieler Open 2018-A"]
[Site "Kiel"]
[Date "2018.08.01"]
[Round "7.33"]
[White "Schmidt, Peter"]
[Black "Oltmanns, Marc"]
[Result "0-1"]
[WhiteElo "1932"]
[BlackElo "1698"]
[Annotator "DG"]
[PlyCount "64"]
[EventDate "2018.??.??"]
[WhiteTeam "Kieler SG"]
[BlackTeam "Raisdorf"]

1. e4 d5 2. exd5 Nf6 3. Nc3 Nxd5 4. Bc4 Nb6 5. Bb3 Nc6 6. Qf3 e6 7. Nge2 Bd6 8.
d4 O-O 9. Be3 Bd7 10. O-O-O Na5 11. h4 Nxb3+ 12. cxb3 Bc6 13. Qg4 f5 14. Qh3
Nd5 15. Bg5 Be7 16. Nf4 Bxg5 17. hxg5 Nxf4 18. Qxh7+ Kf7 19. d5 Bxd5 20. Nxd5
Nxd5 21. Qh5+ Ke7 22. Rhe1 Qd6 23. Kb1 Rad8 24. Qh7 Kd7 25. Qxg7+ Kc8 26. g6
Rg8 27. Qf7 Rgf8 28. Qg7 Qd7 29. Qd4 Kb8 30. Rh1 Rg8 31. Rh7 Qe8 32. Qc5 Qxg6
0-1

[Event "Kieler Open 2018-A"]
[Site "Kiel"]
[Date "2018.08.01"]
[Round "7.34"]
[White "Fleischmann, Yannic"]
[Black "Weber, Jannis"]
[Result "0-1"]
[WhiteElo "1748"]
[BlackElo "1890"]
[Annotator "DG"]
[PlyCount "100"]
[EventDate "2018.??.??"]
[WhiteTeam "Segeberg"]
[BlackTeam "SV Hennef"]

1. e4 c5 2. d4 cxd4 3. c3 Nf6 4. e5 Nd5 5. Nf3 d6 6. exd6 Qxd6 7. cxd4 g6 8.
Nc3 Bg7 9. Bc4 Nb6 10. Bb3 Nc6 11. Be3 O-O 12. h3 Na5 13. O-O Nxb3 14. Qxb3 Be6
15. Qd1 Nc4 16. b3 Nxe3 17. fxe3 Rac8 18. Rc1 Bh6 19. Qe2 Qb4 20. Ne4 Bd7 21.
Ne5 Bb5 22. Nc4 Rc7 23. Nc5 b6 24. Nd3 Bxc4 25. Rxc4 Qd6 26. Ne5 f6 27. Ng4 Bg5
28. Rfc1 Rfc8 29. Kf2 h5 30. Qc2 Rxc4 31. Qxg6+ Kf8 32. Rxc4 Rxc4 33. Nh6 Rc2+
34. Qxc2 Bxh6 35. Qh7 f5 36. Qh8+ Kf7 37. Qh7+ Ke8 38. Qh8+ Kd7 39. Qa8 a5 40.
Qb7+ Ke8 41. Qc8+ Kf7 42. Qxf5+ Qf6 43. g4 Qxf5+ 44. gxf5 Kf6 45. e4 Kg5 46.
Kg3 Bg7 47. h4+ Kf6 48. Kf3 Bh6 49. Ke2 Bf4 50. Kf3 Bd2 0-1

[Event "Kieler Open 2018-A"]
[Site "Kiel"]
[Date "2018.08.01"]
[Round "7.35"]
[White "Dittmann, Hans-Adolf"]
[Black "Gerigk, Daniel"]
[Result "1/2-1/2"]
[WhiteElo "2102"]
[BlackElo "1690"]
[Annotator "DG"]
[PlyCount "40"]
[EventDate "2018.??.??"]
[WhiteTeam "Preetzer TSV"]
[BlackTeam "Bonn"]

1. e4 e5 2. Nf3 Nc6 3. Bb5 a6 4. Bxc6 dxc6 5. O-O Bd6 6. d4 Bg4 7. dxe5 Bxf3 8.
Qxf3 Bxe5 9. Nd2 b5 10. c3 Ne7 11. Nb3 Ng6 12. Be3 O-O 13. Qg4 f5 14. exf5 Qd7
15. f4 Rxf5 16. Rad1 Bd6 17. Nd4 Rf7 18. Qxd7 Rxd7 19. Nxc6 Re8 20. Rfe1 Nxf4
1/2-1/2

[Event "Kieler Open 2018-A"]
[Site "Kiel"]
[Date "2018.08.01"]
[Round "7.36"]
[White "Andresen, Erik"]
[Black "Lin, Ze Jun"]
[Result "1-0"]
[WhiteElo "1844"]
[BlackElo "1528"]
[Annotator "DG"]
[PlyCount "71"]
[EventDate "2018.??.??"]
[WhiteTeam "Flensburger SK"]
[BlackTeam "Hong Kong"]
[BlackTeamCountry "HKG"]

1. e4 c5 2. Nc3 Nc6 3. Bb5 Nd4 4. Bc4 Nf6 5. d3 e6 6. Nge2 d5 7. exd5 exd5 8.
Bb3 Nxb3 9. axb3 d4 10. Nb1 Bd6 11. Bf4 O-O 12. O-O Bg4 13. Bxd6 Qxd6 14. Qd2
Rfe8 15. Ng3 Qc6 16. h3 Be6 17. Na3 Bd5 18. f3 b5 19. Ne4 Nxe4 20. fxe4 Be6 21.
Rf4 Bd7 22. Raf1 Rf8 23. b4 Qb6 24. bxc5 Qxc5 25. Qf2 Be6 26. c3 Rad8 27. Nc2
f6 28. Nxd4 Bf7 29. Rf5 Qd6 30. Rxb5 Rb8 31. Rxb8 Rxb8 32. e5 Qa6 33. exf6 g6
34. Qf3 Qd6 35. Rf2 Bd5 36. Qe3 1-0

[Event "Kieler Open 2018-A"]
[Site "Kiel"]
[Date "2018.08.01"]
[Round "7.37"]
[White "Schwerdt, Alwin Elias"]
[Black "Bücker, Timo"]
[Result "1-0"]
[WhiteElo "1672"]
[BlackElo "1801"]
[Annotator "DG"]
[PlyCount "71"]
[EventDate "2018.??.??"]
[WhiteTeam "Bad Schwartau"]
[BlackTeam "Kappeln"]

1. e4 Nc6 2. Nf3 f5 3. e5 d6 4. d4 dxe5 5. Nxe5 Nxe5 6. dxe5 Qxd1+ 7. Kxd1 Bd7
8. Bd3 O-O-O 9. Ke2 e6 10. Be3 Kb8 11. Rd1 Be7 12. Nd2 g5 13. f4 gxf4 14. Bxf4
Bc6 15. Nf3 h5 16. Ng5 Bxg5 17. Bxg5 Rd5 18. Bc4 Rxe5+ 19. Kf2 b5 20. Rd8+ Kb7
21. Bb3 a5 22. Re1 Rxe1 23. Kxe1 Bd5 24. Bxd5+ exd5 25. Rxd5 Nh6 26. Bxh6 Rxh6
27. Rxb5+ Ka6 28. Rxf5 h4 29. Rf4 h3 30. g3 Re6+ 31. Kd2 Rd6+ 32. Kc3 Rc6+ 33.
Rc4 Rf6 34. Rh4 Rc6+ 35. Kd2 Rd6+ 36. Kc1 1-0

[Event "Kieler Open 2018-A"]
[Site "Kiel"]
[Date "2018.08.01"]
[Round "7.38"]
[White "Gehlsen, René"]
[Black "Tang, Zijie"]
[Result "0-1"]
[WhiteElo "1799"]
[BlackElo "1519"]
[Annotator "DG"]
[PlyCount "54"]
[EventDate "2018.??.??"]
[WhiteTeam "SV VHS Heide"]
[BlackTeam "Guandong"]

1. d4 d5 2. Nf3 Nf6 3. e3 Bf5 4. Bd3 Bg6 5. Nbd2 Nbd7 6. O-O e6 7. Ne5 Bd6 8.
f4 O-O 9. Nxg6 hxg6 10. Nf3 c5 11. c3 Rb8 12. Ne5 Qc7 13. Bd2 c4 14. Bc2 b5 15.
b4 Rfe8 16. a4 a5 17. bxa5 b4 18. Nxd7 Nxd7 19. Qe1 b3 20. Bb1 f5 21. g4 Kf7
22. gxf5 gxf5 23. Qg3 Nf6 24. Qg2 Qxa5 25. Kh1 Rh8 26. Rg1 Ng4 27. h3 Rxh3+ 0-1

[Event "Kieler Open 2018-A"]
[Site "Kiel"]
[Date "2018.08.01"]
[Round "7.39"]
[White "Schmidt, Gero"]
[Black "Hu, Yik Kwan"]
[Result "0-1"]
[WhiteElo "1741"]
[BlackElo "1504"]
[Annotator "DG"]
[PlyCount "120"]
[EventDate "2018.??.??"]
[WhiteTeam "TV Mehrhoog"]
[BlackTeam "Hong Kong"]
[BlackTeamCountry "HKG"]

1. f4 d5 2. Nf3 Nf6 3. e3 Bf5 4. b3 e6 5. Bb2 Be7 6. Be2 c5 7. Bb5+ Nbd7 8. O-O
O-O 9. Bxd7 Nxd7 10. d3 Bf6 11. Bxf6 Qxf6 12. Nbd2 Rfd8 13. h3 h5 14. Ng5 Bg6
15. h4 Qc3 16. Kh1 Nf6 17. Ndf3 Ng4 18. Qe2 c4 19. Rfd1 cxd3 20. cxd3 Bxd3 21.
Qd2 Rac8 22. Nh2 Qxd2 23. Rxd2 Bf5 24. Nxg4 Bxg4 25. Nf3 Bxf3 26. gxf3 Rc3 27.
Re1 Rdc8 28. Kg2 Rc2 29. Red1 Kf8 30. Kf2 Ke7 31. Ke2 g6 32. Rg1 Kd6 33. Rgd1
b5 34. b4 R8c4 35. Rxc2 Rxc2+ 36. Rd2 Rc1 37. Kf2 Rb1 38. a3 Rb3 39. Ra2 a6 40.
Ke2 Rb1 41. Kf2 e5 42. fxe5+ Kxe5 43. f4+ Ke6 44. Rc2 Kd6 45. Rc3 Ra1 46. Kf3
Rh1 47. Kg3 Rg1+ 48. Kh3 Rd1 49. Kg3 d4 50. exd4 Rxd4 51. Re3 f6 52. Kf3 Kd5
53. Rc3 Rc4 54. Re3 Rc6 55. Rd3+ Kc4 56. Re3 Kd4 57. Re4+ Kc3 58. Re3+ Kb2 59.
Ke4 Re6+ 60. Kf3 Rxe3+ 0-1

[Event "Kieler Open 2018-A"]
[Site "Kiel"]
[Date "2018.08.01"]
[Round "7.40"]
[White "Wu, Sitang"]
[Black "Marcussen, Claus"]
[Result "1-0"]
[WhiteElo "1403"]
[BlackElo "1736"]
[Annotator "DG"]
[PlyCount "75"]
[EventDate "2018.??.??"]
[WhiteTeam "Guandong"]
[BlackTeam "Fredericia SF"]

1. Nf3 d6 2. g3 Nf6 3. Bg2 g6 4. d4 Bg7 5. O-O Nbd7 6. c4 c5 7. Nc3 O-O 8. Be3
cxd4 9. Bxd4 Nc5 10. Nd5 Nxd5 11. cxd5 Bh6 12. Nd2 b6 13. b4 Nd7 14. f4 f5 15.
e4 fxe4 16. Nxe4 Bb7 17. Bb2 b5 18. Bh3 Nf6 19. Be6+ Kh8 20. Ng5 Kg7 21. Rc1 a5
22. g4 axb4 23. Nf7 Rxf7 24. Bxf7 Rxa2 25. Qd4 Kxf7 26. g5 Rxb2 27. Qxb2 Qb6+
28. Qf2 Qxf2+ 29. Kxf2 Nxd5 30. gxh6 Kf6 31. Ke2 Nc3+ 32. Ke3 Kf5 33. Rg1 Nd5+
34. Kd2 Nxf4 35. Rc7 Be4 36. Rxe7 b3 37. Rxh7 b2 38. Rf7+ 1-0

[Event "Kieler Open 2018-A"]
[Site "Kiel"]
[Date "2018.08.01"]
[Round "7.41"]
[White "Salwasser, Christian"]
[Black "Werner, René"]
[Result "0-1"]
[WhiteElo "1718"]
[BlackElo "1856"]
[Annotator "DG"]
[PlyCount "116"]
[EventDate "2018.??.??"]
[WhiteTeam "SC Rastatt"]
[BlackTeam "Kieler SG"]

1. e4 c5 2. Nf3 d6 3. d4 cxd4 4. Nxd4 Nf6 5. f3 g6 6. Be3 Bg7 7. c4 Nc6 8. Nc3
O-O 9. Be2 Bd7 10. O-O Rc8 11. b3 a6 12. Qd2 Nxd4 13. Bxd4 Qa5 14. Rfd1 Rfe8
15. Qe1 b5 16. Nd5 Qxe1+ 17. Rxe1 Nxd5 18. Bxg7 Ne3 19. Bd3 Nxg2 20. Kxg2 Kxg7
21. Rad1 bxc4 22. Bxc4 Bb5 23. Bxb5 axb5 24. Rc1 Rc5 25. Rxc5 dxc5 26. Rc1 Rc8
27. Kf2 Kf6 28. Ke3 e5 29. a4 bxa4 30. bxa4 c4 31. a5 Ke6 32. Ra1 c3 33. Kd3 c2
34. Rc1 Rc5 35. Rxc2 Rxa5 36. Ke3 Ra3+ 37. Kf2 Rd3 38. Ke2 Rd6 39. Ra2 Kf6 40.
Kf2 Kg5 41. Ra7 Kf6 42. Ra2 h5 43. Kg3 Ke6 44. Kh4 Kf6 45. Rb2 Kg7 46. Kg3 f5
47. exf5 gxf5 48. Rb7+ Kg6 49. Re7 Kf6 50. Rh7 Kg5 51. Re7 h4+ 52. Kf2 Kf4 53.
Ke2 Ra6 54. Kd3 Ra3+ 55. Ke2 Ra2+ 56. Kd3 Rxh2 57. Rf7 Rh3 58. Ke2 Rxf3 0-1

[Event "Kieler Open 2018-A"]
[Site "Kiel"]
[Date "2018.08.01"]
[Round "7.43"]
[White "Günther, Emil"]
[Black "Nottenkämper, Franz-Ludwig"]
[Result "1-0"]
[WhiteElo "1601"]
[BlackElo "1823"]
[Annotator "DG"]
[PlyCount "57"]
[EventDate "2018.??.??"]
[WhiteTeam "SK Doppelbauer Kiel"]
[BlackTeam "TV Mehrhoog"]

1. c4 Nf6 2. Nc3 e6 3. e4 d5 4. e5 d4 5. exf6 dxc3 6. bxc3 Qxf6 7. d4 c5 8. Nf3
h6 9. Be2 Be7 10. O-O O-O 11. Ne5 Bd6 12. f4 Rd8 13. Qe1 Nd7 14. Be3 Bxe5 15.
fxe5 Qe7 16. Qg3 cxd4 17. Bxh6 f6 18. cxd4 Kf8 19. exf6 Nxf6 20. Rxf6+ Qxf6 21.
Rf1 Qxf1+ 22. Kxf1 gxh6 23. Qf4+ Ke7 24. Qh4+ Kd7 25. Qxh6 b6 26. Qg7+ Kd6 27.
c5+ bxc5 28. dxc5+ Kxc5 29. Qc7+ 1-0

[Event "Kieler Open 2018-A"]
[Site "Kiel"]
[Date "2018.08.01"]
[Round "7.44"]
[White "Kunkel, Wolfgang"]
[Black "Rohmann, Volker"]
[Result "1-0"]
[WhiteElo "1681"]
[BlackElo "1789"]
[Annotator "DG"]
[PlyCount "59"]
[EventDate "2018.??.??"]
[WhiteTeam "Gießen"]
[BlackTeam "SVG Friedrichsort"]

1. f4 Nf6 2. Nf3 g6 3. d4 d5 4. c3 Bg7 5. e3 O-O 6. Bd3 b6 7. Qe2 c5 8. O-O Bb7
9. Nbd2 e6 10. Ne5 Nbd7 11. Ndf3 Nxe5 12. fxe5 Nd7 13. e4 cxd4 14. cxd4 Rc8 15.
Bd2 Nb8 16. h4 Nc6 17. Bc3 Ne7 18. h5 dxe4 19. Bxe4 Nd5 20. hxg6 hxg6 21. Bd2
Qd7 22. Rac1 Rxc1 23. Bxc1 Qa4 24. Qf2 Ba6 25. b3 Qd7 26. Re1 Rc8 27. Ng5 Ne7
28. Qxf7+ Kh8 29. Nxe6 Rg8 30. Kf2 1-0

[Event "Kieler Open 2018-A"]
[Site "Kiel"]
[Date "2018.08.01"]
[Round "7.45"]
[White "Easwaralingam, Janith"]
[Black "Hoppe, Marc"]
[Result "1-0"]
[WhiteElo "1792"]
[BlackElo "1723"]
[Annotator "DG"]
[PlyCount "75"]
[EventDate "2018.??.??"]
[WhiteTeam "Fredericia SF"]
[BlackTeam "SF Olfen 1975"]

1. e4 c6 2. d4 d5 3. Nc3 e6 4. Nf3 Bb4 5. Bd3 Ne7 6. Bd2 O-O 7. O-O Nd7 8. a3
Ba5 9. Bg5 f6 10. Bh4 Ng6 11. Bg3 Bc7 12. Ne2 dxe4 13. Bxe4 f5 14. Bxc7 Qxc7
15. Bd3 e5 16. Ng3 Nb6 17. dxe5 Nxe5 18. Re1 Nxd3 19. Qxd3 Bd7 20. Rad1 Rad8
21. Qb3+ Kh8 22. Ne5 Be8 23. Rxd8 Qxd8 24. Qf3 Qd5 25. Qf4 Nd7 26. c4 Qe6 27.
Nf3 Qf6 28. Ng5 g6 29. Qh4 Qg7 30. Ne2 Bf7 31. Nf4 Bxc4 32. Re7 Rf7 33. Nxf7+
Bxf7 34. Rxd7 g5 35. Rd8+ Bg8 36. Nh5 gxh4 37. Nxg7 Kxg7 38. Rd7+ 1-0

[Event "Kieler Open 2018-A"]
[Site "Kiel"]
[Date "2018.08.01"]
[Round "7.46"]
[White "Witt, Holger"]
[Black "Wenske, Hardy"]
[Result "0-1"]
[WhiteElo "1579"]
[BlackElo "1725"]
[Annotator "DG"]
[PlyCount "44"]
[EventDate "2018.??.??"]
[WhiteTeam "SC Viernheim"]
[BlackTeam "Kieler SG"]

1. d4 d5 2. c4 c6 3. Nc3 Nf6 4. Nf3 a6 5. a4 e6 6. Bg5 Be7 7. e3 Nbd7 8. Bxf6
Bxf6 9. Qc2 Nb6 10. c5 Nd7 11. b4 e5 12. Be2 e4 13. Nd2 O-O 14. Nb3 Bg5 15. Kd2
f5 16. g3 Nf6 17. b5 Ng4 18. Bxg4 fxg4 19. b6 Rxf2+ 20. Ne2 Qf6 21. Qc3 Qf3 22.
Rae1 Rxe2+ 0-1

[Event "Kieler Open 2018-A"]
[Site "Kiel"]
[Date "2018.08.02"]
[Round "8.1"]
[White "Krause, Benedict"]
[Black "Zeng, Chongsheng"]
[Result "1-0"]
[WhiteElo "2445"]
[BlackElo "2532"]
[Annotator "PS"]
[PlyCount "111"]
[EventDate "2018.??.??"]
[WhiteTeam "SK Norderstedt von 1975"]
[BlackTeam "Chonqing"]

1. e4 c6 2. d4 d5 3. Nd2 dxe4 4. Nxe4 Bf5 5. Ng3 Bg6 6. h4 h6 7. Nf3 e6 8. Ne5
Bh7 9. Bd3 Bxd3 10. Qxd3 Nd7 11. f4 Bb4+ 12. Bd2 Bxd2+ 13. Qxd2 Ngf6 14. O-O-O
O-O 15. Ne2 h5 16. Ng3 Qc7 17. Qe2 g6 18. Rhf1 Rad8 19. Qe3 c5 20. Nxd7 Rxd7
21. Qe5 Ng4 22. Qxc7 Rxc7 23. Rfe1 cxd4 24. Rxd4 Rfc8 25. c3 Rxc3+ 26. bxc3
Rxc3+ 27. Kb2 Rxg3 28. Re2 Nf6 29. Rb4 Rg4 30. Rxb7 a6 31. Rb8+ Kg7 32. Rb7 Nd5
33. Rxe6 Rxg2+ 34. Kb3 Rf2 35. Rxa6 Rxf4 36. Rd6 Rf3+ 37. Kc4 Ne3+ 38. Kc5 Nf5
39. Rdd7 Nxh4 40. a4 g5 41. a5 g4 42. a6 g3 43. Rb1 Ra3 44. a7 g2 45. Rg1 Kg6
46. Kb4 Ra2 47. Kb3 Ra5 48. Rd4 Kg5 49. Ra4 Rxa7 50. Rxa7 f5 51. Kc2 Kg4 52.
Kd1 Kh3 53. Ke2 Ng6 54. Rg7 Ne5 55. R7xg2 h4 56. Kf1 1-0

[Event "Kieler Open 2018-A"]
[Site "Kiel"]
[Date "2018.08.02"]
[Round "8.2"]
[White "Pluska, Alexander"]
[Black "Wan, Yunguo"]
[Result "1/2-1/2"]
[WhiteElo "2199"]
[BlackElo "2514"]
[Annotator "PS"]
[PlyCount "65"]
[EventDate "2018.??.??"]
[WhiteTeam "SK Doppelbauer Kiel"]
[BlackTeam "Hebei"]

1. Nf3 Nf6 2. c4 g6 3. Nc3 Bg7 4. e4 c5 5. d4 cxd4 6. Nxd4 d6 7. Be2 Nc6 8. Nc2
O-O 9. Be3 Be6 10. O-O Qa5 11. Qd2 Ng4 12. Bxg4 Bxc3 13. Qxc3 Qxc3 14. bxc3
Bxg4 15. f3 Be6 16. c5 d5 17. Nd4 dxe4 18. Nxe6 fxe6 19. fxe4 Rxf1+ 20. Kxf1
Rd8 21. Ke2 e5 22. Rf1 Kg7 23. h4 h5 24. g4 hxg4 25. Rg1 Rh8 26. Rxg4 Nd8 27.
Kd3 Ne6 28. Kc4 Kf6 29. a4 Rc8 30. Kb5 Nc7+ 31. Kc4 Ne6 32. Kb5 Nc7+ 33. Kc4
1/2-1/2

[Event "Kieler Open 2018-A"]
[Site "Kiel"]
[Date "2018.08.02"]
[Round "8.3"]
[White "Lanka, Zigurds"]
[Black "Voloshin, Leonid"]
[Result "1/2-1/2"]
[WhiteElo "2414"]
[BlackElo "2383"]
[Annotator "PS"]
[PlyCount "115"]
[EventDate "2018.??.??"]
[WhiteTeam "SC Viernheim 1934 e.V."]
[BlackTeam "SG Kaiserslautern 1905"]

1. Nf3 Nf6 2. c4 e6 3. g3 b6 4. Bg2 Bb7 5. O-O Be7 6. b3 O-O 7. Bb2 d5 8. d3 c5
9. e3 Nc6 10. Qe2 Qc7 11. Ne1 Rad8 12. f4 dxc4 13. bxc4 Nd7 14. Nc3 Bf6 15. g4
Ne7 16. Bxb7 Qxb7 17. Rb1 g6 18. Nf3 Bg7 19. e4 f6 20. Rf2 Nc6 21. f5 Nde5 22.
Nxe5 fxe5 23. Rbf1 Qd7 24. fxe6 Qxe6 25. Nd5 Rxf2 26. Rxf2 Rf8 27. Rxf8+ Kxf8
28. Qf3+ Qf7 29. Qh3 Qe6 30. Kg2 Kg8 31. Bc1 Qd7 32. Bd2 Nd4 33. Qh4 Qf7 34.
Qd8+ Qf8 35. Ne7+ Kf7 36. Qxf8+ Bxf8 37. Nd5 Be7 38. Bc3 Nc6 39. Kf3 Bg5 40.
Ke2 Ke6 41. Kd1 Bd8 42. Kc2 Kd6 43. Kb3 Kd7 44. Ka4 a6 45. Kb3 Ke6 46. Kc2 Kd6
47. Kd1 Ke6 48. Ke2 Kd6 49. Kf3 Ke6 50. Kg3 Kd6 51. Bd2 Ke6 52. Be3 Nb4 53.
Nxb4 cxb4 54. Kf3 a5 55. Ke2 Kd6 56. Kd2 Kc6 57. Kc2 Be7 58. Bf2 1/2-1/2

[Event "Kieler Open 2018-A"]
[Site "Kiel"]
[Date "2018.08.02"]
[Round "8.4"]
[White "Rocha, Sergio"]
[Black "Vatter, Hans-Joachim"]
[Result "1-0"]
[WhiteElo "2373"]
[BlackElo "2216"]
[Annotator "PS"]
[PlyCount "97"]
[EventDate "2018.??.??"]
[WhiteTeam "FC Barreirense"]
[BlackTeam "SC Emmendingen 1937 e.V."]

1. e4 e6 2. d3 d5 3. Nd2 b6 4. Ngf3 Bb7 5. g3 Nf6 6. Qe2 Be7 7. Bg2 dxe4 8.
dxe4 Ba6 9. c4 Bb7 10. O-O O-O 11. Rd1 Qc8 12. e5 Nfd7 13. Ne4 Nc5 14. Neg5 a5
15. h4 Rd8 16. Be3 Nc6 17. Bxc5 bxc5 18. Qe4 g6 19. Qf4 Rxd1+ 20. Rxd1 Qe8 21.
Ne4 Rd8 22. Rxd8 Qxd8 23. Nfg5 Qd1+ 24. Kh2 Nd8 25. Nf6+ Bxf6 26. Qxf6 Bxg2 27.
Kxg2 h6 28. Ne4 Qd4 29. Nd6 cxd6 30. Qxd8+ Kg7 31. Qxa5 dxe5 32. Qe1 Qxb2 33.
a4 f5 34. a5 Kf6 35. Qd1 Qa3 36. Qd6 e4 37. Qf8+ Ke5 38. Qxh6 Qxa5 39. Qg7+ Kd6
40. Qxg6 Qa2 41. Qg5 Qxc4 42. h5 Qd5 43. Kh2 c4 44. h6 Qc5 45. Qe3 Qxe3 46.
fxe3 c3 47. h7 c2 48. h8=Q c1=Q 49. Qd8+ 1-0

[Event "Kieler Open 2018-A"]
[Site "Kiel"]
[Date "2018.08.02"]
[Round "8.5"]
[White "Arndt, Magnus"]
[Black "Krause, Jonah"]
[Result "1-0"]
[WhiteElo "2120"]
[BlackElo "2336"]
[Annotator "PS"]
[PlyCount "101"]
[EventDate "2018.??.??"]
[WhiteTeam "SK Doppelbauer Kiel"]
[BlackTeam "FC ST.Pauli 1910 eV SAbt"]

1. d4 Nf6 2. Bf4 g6 3. Nc3 d5 4. e3 Bg7 5. h4 h6 6. Qe2 O-O 7. Nf3 c5 8. Ne5
Nc6 9. Qd2 Ne4 10. Nxc6 bxc6 11. Nxe4 dxe4 12. c3 cxd4 13. cxd4 Be6 14. Rc1 Bd5
15. b3 e6 16. Bg3 Qe7 17. Bc4 Rac8 18. Rc2 Rfd8 19. h5 g5 20. Ba6 Ra8 21. O-O
e5 22. Qc3 exd4 23. exd4 f5 24. Be5 Bxe5 25. dxe5 Re8 26. Rd1 Rad8 27. Qc5 Qf7
28. Rcd2 Rxe5 29. Bc4 f4 30. Qxc6 Bxc6 31. Rxd8+ Kg7 32. Bxf7 Kxf7 33. R8d6 Be8
34. Rxh6 e3 35. fxe3 fxe3 36. Re1 Kg7 37. Rd6 Bxh5 38. Rd4 a5 39. g4 Bf7 40.
Rd3 Re4 41. Rexe3 Rxg4+ 42. Rg3 Rxg3+ 43. Rxg3 Kf6 44. Rg4 Be8 45. Rc4 Bd7 46.
Rc5 a4 47. b4 g4 48. a3 Ke6 49. Kf2 Kd6 50. Ke3 Bc6 51. Rg5 1-0

[Event "Kieler Open 2018-A"]
[Site "Kiel"]
[Date "2018.08.02"]
[Round "8.6"]
[White "Kaulich, Philipp Theodor"]
[Black "Knudsen, Simon"]
[Result "1/2-1/2"]
[WhiteElo "2157"]
[BlackElo "2197"]
[Annotator "PS"]
[PlyCount "72"]
[EventDate "2018.??.??"]
[WhiteTeam "Kieler SG von 18"]
[BlackTeam "SF Brackel 1930 e.V."]

1. e4 c5 2. d4 cxd4 3. c3 dxc3 4. Nxc3 Nc6 5. Nf3 e6 6. Bc4 a6 7. O-O b5 8. Bb3
Bb7 9. Bf4 Na5 10. Qd3 Bc5 11. Rad1 Ne7 12. Ne5 Nxb3 13. axb3 d5 14. Qg3 O-O
15. exd5 Bxd5 16. Ne4 Nf5 17. Qh3 Ba7 18. Nc3 Nd4 19. Be3 Qc7 20. Ng4 Nc6 21.
Nxd5 exd5 22. Bxa7 Rxa7 23. Rxd5 Ne7 24. Rd3 Ng6 25. Rc3 Qd6 26. Ne3 Qd2 27.
Rc2 Qb4 28. Nd5 Qe4 29. Ne3 Re7 30. Qf5 Qb7 31. Qd5 Qb6 32. Qc5 Qb7 33. Qc6 Qa7
34. Qc5 Qb7 35. Qc6 Qa7 36. Qc5 Qb7 1/2-1/2

[Event "Kieler Open 2018-A"]
[Site "Kiel"]
[Date "2018.08.02"]
[Round "8.7"]
[White "Pietzsch, Manuel"]
[Black "Du, Yuxin"]
[Result "0-1"]
[WhiteElo "2185"]
[BlackElo "2129"]
[Annotator "PS"]
[PlyCount "68"]
[EventDate "2018.??.??"]
[WhiteTeam "SG Leipzig"]
[BlackTeam "Guandong"]

1. e4 c6 2. d4 d5 3. e5 Bf5 4. Nf3 e6 5. Be2 c5 6. Be3 Qb6 7. Nc3 Qxb2 8. Nb5
c4 9. Rb1 Qxc2 10. Qxc2 Bxc2 11. Rb2 Ba4 12. Nc7+ Kd7 13. Nxa8 Bc6 14. a4 Ba3
15. Ra2 Bb4+ 16. Bd2 Na6 17. Bxb4 Nxb4 18. Rb2 Na6 19. a5 Ne7 20. Nb6+ axb6 21.
axb6 Ra8 22. Kd2 Nb8 23. h4 Ke8 24. h5 h6 25. Rhb1 Ra6 26. Ne1 Nf5 27. Nf3 Nd7
28. Bd1 Ra3 29. Rc1 Rd3+ 30. Ke1 Nxd4 31. Ra2 Nxf3+ 32. Bxf3 Nxe5 33. Ra8+ Ke7
34. Rc8 Rb3 0-1

[Event "Kieler Open 2018-A"]
[Site "Kiel"]
[Date "2018.08.02"]
[Round "8.8"]
[White "Rieper, Julian"]
[Black "Light, Bjarne"]
[Result "0-1"]
[WhiteElo "2048"]
[BlackElo "2177"]
[Annotator "PS"]
[PlyCount "136"]
[EventDate "2018.??.??"]
[WhiteTeam "SK Doppelbauer Kiel"]
[BlackTeam "Preetzer TSV"]

1. e4 c5 2. Nc3 Nc6 3. f4 g6 4. Nf3 Bg7 5. Bc4 e6 6. O-O Nge7 7. e5 d5 8. exd6
Nf5 9. Bb5 Qxd6 10. Ne4 Qc7 11. Ne5 Nfd4 12. Bxc6+ Nxc6 13. Nc4 O-O 14. a4 b6
15. Ne3 Bb7 16. Qe1 Nd4 17. Ng3 Rad8 18. Qf2 Nf5 19. Rb1 Qc6 20. Ngxf5 exf5 21.
b3 Rfe8 22. Bb2 Bxb2 23. Rxb2 Re4 24. c3 a6 25. Rfb1 Qc7 26. Rf1 Rd3 27. h3 Re7
28. Ra1 Red7 29. Nc4 f6 30. Re1 Kf7 31. Qe2 Be4 32. Qf2 Qd8 33. Re2 h5 34. Ne3
Bb7 35. Ra2 Qc7 36. h4 Re7 37. Re1 Re4 38. Rf1 b5 39. axb5 axb5 40. Qe2 Qd7 41.
Ra7 Rd6 42. Rf2 Ra6 43. Rxa6 Bxa6 44. Qf1 Qd6 45. Qa1 Bb7 46. Qa7 Re7 47. Qa1
Be4 48. Qa5 Qb8 49. Qa3 Qb6 50. b4 c4 51. Qc1 Ra7 52. Qf1 Bd3 53. Qe1 Qc6 54.
Kh2 Ra2 55. Qd1 Qa8 56. Qf3 Be4 57. Qe2 Qd8 58. Nxc4 bxc4 59. Qxc4+ Bd5 60. Qc5
Be6 61. Qe3 Bc4 62. d4 Qe7 63. Qf3 Qe4 64. Rxa2 Bxa2 65. Qf2 Bc4 66. Qb2 Qxf4+
67. g3 Qb8 68. Qf2 Qe8 0-1